Online katalóg knižníc regiónu Turca

Duchcovský viadukt (Record no. 20968)

MARC details
000 -LEADER
fixed length control field 01746cam a2200469 a 4500
001 - CONTROL NUMBER
control field 20968
003 - CONTROL NUMBER IDENTIFIER
control field VRT
005 - DATE AND TIME OF LATEST TRANSACTION
control field 20260207124235.0
008 - FIXED-LENGTH DATA ELEMENTS--GENERAL INFORMATION
fixed length control field 230403s1951 xo 000 d slo
015 ## - NATIONAL BIBLIOGRAPHY NUMBER
National bibliography number SNBA19451955-001286
035 ## - SYSTEM CONTROL NUMBER
System control number SK01SNKBKSFS20010058569
035 ## - SYSTEM CONTROL NUMBER
System control number urn:nbn:sk:snk-am3i3rn
035 ## - SYSTEM CONTROL NUMBER
System control number 100E20F2-ABB2-48DC-A7A2-2EDBF83BCB45
035 ## - SYSTEM CONTROL NUMBER
System control number urn:nbn:sk:snk-am00diw8
035 ## - SYSTEM CONTROL NUMBER
System control number SKM000061032
039 #9 - LEVEL OF BIBLIOGRAPHIC CONTROL AND CODING DETAIL [OBSOLETE]
Level of rules in bibliographic description 202304032039
Level of effort used to assign nonsubject heading access points VLOAD
Level of effort used to assign subject headings 202212050952
Level of effort used to assign classification VLOAD
Level of effort used to assign subject headings 202205120819
Level of effort used to assign classification VLOAD
Level of effort used to assign subject headings 202010230724
Level of effort used to assign classification msnk162
040 ## - CATALOGING SOURCE
Original cataloging agency SNK
Language of cataloging slo
Transcribing agency SNK
Description conventions AACR2
041 1# - LANGUAGE CODE
Language code of text/sound track or separate title slo
Language code of original cze
044 ## - COUNTRY OF PUBLISHING/PRODUCING ENTITY CODE
MARC country code xo
ISO country code SK
080 ## - UNIVERSAL DECIMAL CLASSIFICATION NUMBER
Universal Decimal Classification number 821.162.3-2=162.4
Edition identifier 2001
100 1# - MAIN ENTRY--PERSONAL NAME
Personal name Cach, Vojtěch,
Dates associated with a name 1914-1980
Relationship aut
240 10 - UNIFORM TITLE
Uniform title Duchcovský viadukt
Language of a work Slovensky
245 10 - TITLE STATEMENT
Title Duchcovský viadukt
Remainder of title hra v 5 dejstvách
Statement of responsibility, etc. Vojtech Cach ; [z češtiny (Duchcovský viadukt ...) preložil Ján I. Straka]
250 ## - EDITION STATEMENT
Edition statement 1. vyd.
260 ## - PUBLICATION, DISTRIBUTION, ETC.
Place of publication, distribution, etc. Martin
Name of publisher, distributor, etc. Matica slovenská
Date of publication, distribution, etc. 1951
Place of manufacture Martin
Manufacturer Neografia
300 ## - PHYSICAL DESCRIPTION
Extent 90, [1] s.
Dimensions
366 ## - TRADE AVAILABILITY INFORMATION
Note 3300 výtl.
490 1# - SERIES STATEMENT
Series statement Prekladová divadelná knižnica
Volume/sequential designation sv. 15
655 #7 - INDEX TERM--GENRE/FORM
Genre/form data or focus term české drámy
Source of term SNKPH
700 1# - ADDED ENTRY--PERSONAL NAME
Personal name Straka, Ján I.,
Dates associated with a name 1913-1974
Relationship trl
700 1# - ADDED ENTRY--PERSONAL NAME
Personal name Tvarožek, Eduard Vladimír,
Dates associated with a name 1920-1999
Relationship red
830 #0 - SERIES ADDED ENTRY--UNIFORM TITLE
Uniform title Prekladová divadelná knižnica
910 ## - USER-OPTION DATA (OCLC)
User-option data snk
942 ## - ADDED ENTRY ELEMENTS (KOHA)
Source of classification or shelving scheme Dewey Decimal Classification
Koha item type Krásna literatúra pre dospelých
Suppress in OPAC No
949 ## - LOCAL PROCESSING INFORMATION (OCLC)
6 17A0662573
a snkSD 6934/15 D2
b snkF 5458/62
949 ## - LOCAL PROCESSING INFORMATION (OCLC)
6 17A0662572
a snkSD 6934/15 D3
b snkD 53/64
949 ## - LOCAL PROCESSING INFORMATION (OCLC)
6 17A0515857
a snkSD 6934/15 D1
b snkKSF 2822/56
949 ## - LOCAL PROCESSING INFORMATION (OCLC)
6 270001000456869
a svkbbS 3444
b svkbbm 40294
949 ## - LOCAL PROCESSING INFORMATION (OCLC)
6 2889183791
a savukM 9849
949 ## - LOCAL PROCESSING INFORMATION (OCLC)
6 17A0912089
a snkSD 6934/15
b snk1744/51
o I. 343/51 - evidenčné číslo
s 6100:20190903
Holdings
Stav vyradenia Strata Poškodenie Spôsob nadobudnutia Domovská knižnica Aktuálna knižnica Dátum nadobudnutia Total checkouts Čiarový kód exemplára Date last seen Typ exemplára Verejná poznámka
      Dar Obecná knižnica Horná Štubňa Obecná knižnica Horná Štubňa 07.02.2026   4736201139 07.02.2026 Krásna literatúra pre dospelých divadelná hra
Projekt je podporený Slovenskou asociáciou knižníc
Prevádzkuje Turčianska knižnica Martin 2026